[Event "Trzcianka Dziedzic Memorial 5th"]
[Site "Trzcianka"]
[Date "2015.04.19"]
[Round "1"]
[White "Naiditsch, Arkadij"]
[Black "Bylinski, Grzegorz"]
[Result "1-0"]
[WhiteElo "2711"]
[BlackElo "1617"]
[PlyCount "56"]
[EventDate "2015.04.19"]
[EventType "swiss (rapid)"]
[EventRounds "9"]
[EventCountry "POL"]
[SourceTitle "CBM 166 Extra"]
[Source "ChessBase"]
[SourceDate "2015.06.18"]
[SourceVersion "1"]
[SourceVersionDate "2015.06.18"]
[SourceQuality "1"]

1. e4 Nf6 2. e5 Nd5 3. d4 d6 4. c4 Nb6 5. exd6 exd6 6. Nc3 Bf5 7. Nf3 Be7 8. Bd3 Bg6 9. Be3 Nc6 10. Bxg6 hxg6 11. d5 Ne5 12. Nxe5 dxe5 13. c5 Nc8 14. Qa4+ Kf8 15. 0-0-0 Bg5 16. Kb1 Bxe3 17. fxe3 Qe8 18. Qb3 b6 19. d6 cxd6 20. cxd6 Qd7 21. Qb5 Qf5+ 22. e4 Nxd6 23. Rxd6 Qg4 24. Qd5 Kg8 25. Qxa8+ Kh7 26. Qd5 Qxg2 27. Rd1 Qxh2 28. Qxf7 b5 1-0